[Event "Titled Tue 1st Jul Early"]
[Site "chess.com INT"]
[Date "2025.07.01"]
[Round "6"]
[White "Fedotov, Nikita2"]
[Black "Grutter, Tim"]
[Result "1-0"]
[WhiteTitle "FM"]
[BlackTitle "IM"]
[WhiteElo "2278"]
[BlackElo "2405"]
[WhiteFideId "24161446"]
[BlackFideId "1057472"]
[EventDate "2025.07.01"]

1. e4 c5 2. Nf3 Nc6 3. Bb5 d6 4. O-O Bd7 5. Re1 a6 6. Bf1 Bg4 7. h3 Bxf3 8. Qxf3
g6 9. c3 Bg7 10. Qd1 Nf6 11. d4 cxd4 12. cxd4 O-O 13. Nc3 Rc8 14. Bg5 h6 15. Be3
Na5 16. Qd2 Kh7 17. b3 b5 18. Bd3 Nd7 19. Rac1 Nc6 20. Bb1 Qa5 21. Red1 Rfd8 22.
h4 h5 23. Qe2 Nxd4 24. Bxd4 Bxd4 25. Rxd4 Rxc3 26. Rcd1 Rdc8 27. e5 Nxe5 28. f4
Ng4 29. Qxe7 R8c7 30. Bxg6+ Kxg6 31. Qg5+ Kh7 32. Qxh5+ Nh6 33. Rxd6 Kg8 34.
Qxh6 Rc8 35. Qg5+ Kf8 36. Rd8+ Rxd8 37. Rxd8+ Qxd8 38. Qxd8+ 1-0

[Event "Titled Tue 1st Jul Early"]
[Site "chess.com INT"]
[Date "2025.07.01"]
[Round "6"]
[White "Fronda, Jan Jodilyn"]
[Black "Zlatin, Alexander"]
[Result "0-1"]
[WhiteTitle "WIM"]
[BlackTitle "FM"]
[WhiteElo "2115"]
[BlackElo "2313"]
[WhiteFideId "5204585"]
[BlackFideId "2810549"]
[EventDate "2025.07.01"]

1. e4 e6 2. d4 d5 3. e5 c5 4. c3 Nc6 5. Nf3 f6 6. exf6 Nxf6 7. Bd3 Bd6 8. dxc5
Bxc5 9. O-O O-O 10. Bg5 e5 11. Bc2 Bg4 12. h3 Bh5 13. g4 Bf7 14. Nbd2 h6 15. Bh4
e4 16. Ne1 Qd6 17. Ng2 g5 18. b4 Bb6 19. Nc4 Qe6 20. Nxb6 axb6 21. Bg3 Ne5 22.
Bxe5 Qxe5 23. f4 Qxc3 24. fxg5 hxg5 25. Qc1 Qe5 26. Rf5 Qd4+ 27. Kh1 Nh7 28. Bb3
Be6 29. Rxf8+ Rxf8 30. Qe3 Qxa1+ 31. Kh2 Qe5+ 32. Kg1 Rf3 33. Qxb6 Nf8 34. Qxb7
e3 35. Qe7 e2 36. b5 Rf1# 0-1

[Event "Titled Tue 1st Jul Early"]
[Site "chess.com INT"]
[Date "2025.07.01"]
[Round "6"]
[White "Cornelisse, Lorelei"]
[Black "Kopczynski, Michal"]
[Result "1-0"]
[WhiteTitle "WFM"]
[BlackTitle "CM"]
[WhiteElo "2129"]
[BlackElo "2225"]
[WhiteFideId "1087177"]
[BlackFideId "1124200"]
[EventDate "2025.07.01"]

1. b3 d6 2. Bb2 e5 3. e3 f5 4. d4 e4 5. h4 d5 6. c4 f4 7. exf4 Nf6 8. g3 dxc4 9.
bxc4 Bb4+ 10. Nc3 Nc6 11. Ne2 Bg4 12. d5 Bf3 13. Rg1 Bxc3+ 14. Bxc3 Ne7 15. Qb3
O-O 16. Nd4 Qd7 17. Ne6 Rfe8 18. Bxf6 gxf6 19. Qb2 Kf7 20. Bh3 Qa4 21. g4 c6 22.
g5 Ng8 23. gxf6 Rf8 24. Rg7+ Ke8 25. Qxb7 Rd8 26. Re7+ Nxe7 27. Qxe7# 1-0

[Event "Titled Tue 1st Jul Early"]
[Site "chess.com INT"]
[Date "2025.07.01"]
[Round "6"]
[White "Bulatova, Kamaliya"]
[Black "Yang, Larry"]
[Result "1-0"]
[WhiteTitle "WFM"]
[WhiteElo "2091"]
[BlackElo "2017"]
[WhiteFideId "34111546"]
[BlackFideId "2637618"]
[EventDate "2025.07.01"]

1. d4 f5 2. c4 Nf6 3. Nc3 b6 4. Nf3 Bb7 5. e3 e6 6. a3 Be7 7. d5 O-O 8. Be2 a5
9. O-O Na6 10. Ng5 h6 11. Nf3 Nc5 12. Rb1 a4 13. Ne5 Qe8 14. Nb5 Rc8 15. Bf3 d6
16. Nd3 exd5 17. Nxc5 dxc5 18. Qxa4 Bc6 19. Qb3 Kh8 20. Na7 dxc4 21. Qxc4 Bxf3
22. gxf3 Rd8 23. b4 f4 24. Qxf4 Qg6+ 25. Qg3 Qxb1 26. Nc6 Rde8 27. Qxc7 Qg6+ 28.
Kh1 Bd8 29. Qb7 Qf7 30. Qa6 Qd5 31. Nxd8 Qxf3+ 32. Kg1 Rxd8 33. Bb2 Ng4 34. Qxb6
Nxe3 35. Qxh6+ Kg8 36. Qxg7# 1-0

[Event "Titled Tue 1st Jul Early"]
[Site "chess.com INT"]
[Date "2025.07.01"]
[Round "6"]
[White "Iljin, Timofey"]
[Black "Burmakin, Evgeniy"]
[Result "1-0"]
[WhiteTitle "IM"]
[BlackTitle "FM"]
[WhiteElo "2242"]
[BlackElo "2110"]
[WhiteFideId "14110180"]
[BlackFideId "4163729"]
[EventDate "2025.07.01"]

1. e4 c5 2. Nc3 Nc6 3. g3 d6 4. Bg2 g6 5. d3 Nf6 6. Nge2 Rb8 7. f4 Bg7 8. O-O
Bd7 9. a4 a6 10. h3 b5 11. axb5 axb5 12. g4 b4 13. Nd5 Nxd5 14. exd5 Nd4 15.
Nxd4 Bxd4+ 16. Kh1 h5 17. g5 O-O 18. f5 Bxf5 19. Rxf5 gxf5 20. Qxh5 Bg7 21. Be3
Ra8 22. Rf1 Qd7 23. h4 Ra2 24. Qe2 Rxb2 25. h5 b3 26. h6 Rxc2 27. Qh5 Be5 28.
Bf4 Bd4 29. Re1 b2 30. g6 fxg6 31. Qxg6+ Kh8 32. h7 e5 33. dxe6 Qg7 34. e7 Qxg6
35. exf8=Q+ Kxh7 36. Bh3 b1=Q 37. Rxb1 Qh5 38. Rb7+ Kg6 39. Qf7# 1-0

[Event "Titled Tue 1st Jul Early"]
[Site "chess.com INT"]
[Date "2025.07.01"]
[Round "6"]
[White "Turcsanyi, Vince Gergo"]
[Black "Cernov, Henrik"]
[Result "0-1"]
[WhiteTitle "FM"]
[BlackTitle "FM"]
[WhiteElo "2312"]
[BlackElo "2258"]
[WhiteFideId "791784"]
[BlackFideId "16258312"]
[EventDate "2025.07.01"]

1. d4 Nf6 2. Nc3 Nc6 3. d5 Nb8 4. e4 d6 5. f4 e6 6. dxe6 Bxe6 7. Nf3 Be7 8. Be2
O-O 9. O-O c6 10. h3 b5 11. a3 a5 12. Be3 Na6 13. Nd4 Rc8 14. Nxe6 fxe6 15. Bg4
Qd7 16. e5 Nxg4 17. Qxg4 d5 18. Ne2 c5 19. Ng3 d4 20. Bd2 g6 21. h4 Kh8 22. h5
Rg8 23. Ne4 Qd5 24. Rae1 Rcf8 25. h6 c4 26. Bxa5 Nc5 27. Nxc5 Bxc5 28. Kh1 Rf5
29. Bb4 Rh5+ 30. Kg1 Bb6 31. g3 Qh1+ 32. Kf2 Rh2# 0-1

[Event "Titled Tue 1st Jul Early"]
[Site "chess.com INT"]
[Date "2025.07.01"]
[Round "6"]
[White "Grebeniuk, Semen"]
[Black "Venskaya, Nika"]
[Result "1-0"]
[BlackTitle "WCM"]
[WhiteElo "2324"]
[BlackElo "1926"]
[WhiteFideId "14117509"]
[BlackFideId "13523503"]
[EventDate "2025.07.01"]

1. d4 Nf6 2. Nf3 g6 3. Bg5 Bg7 4. c3 O-O 5. Nbd2 d5 6. e3 c5 7. Be2 Nc6 8. O-O
Bg4 9. h3 Bxf3 10. Nxf3 Qb6 11. Rb1 Ne4 12. Bf4 Rfd8 13. Bd3 Nf6 14. b4 c4 15.
Bc2 Ne4 16. Bxe4 dxe4 17. Nd2 e5 18. Bg3 exd4 19. exd4 Nxd4 20. Nxc4 Qa6 21. b5
Nxb5 22. Qb3 Nxc3 23. Rbe1 Qe6 24. Re3 b5 25. Na5 Qxb3 26. axb3 Rac8 27. b4 Rd3
28. Rfe1 Rc4 29. Rxd3 e3 30. Rd8+ Bf8 31. Nxc4 exf2+ 32. Bxf2 bxc4 33. Bc5 1-0

[Event "Titled Tue 1st Jul Early"]
[Site "chess.com INT"]
[Date "2025.07.01"]
[Round "6"]
[White "Akshat Sureka"]
[Black "Ketzetzis, Georgios"]
[Result "1-0"]
[WhiteTitle "FM"]
[BlackTitle "FM"]
[WhiteElo "2339"]
[BlackElo "2292"]
[WhiteFideId "25774492"]
[BlackFideId "4215206"]
[EventDate "2025.07.01"]

1. c4 c6 2. Nf3 d5 3. e3 Nf6 4. b3 Bg4 5. Bb2 Nbd7 6. Be2 e6 7. O-O Bd6 8. d3
O-O 9. Nbd2 e5 10. h3 Bh5 11. cxd5 cxd5 12. Nh4 Bxe2 13. Qxe2 g6 14. Rfc1 Qe7
15. Nhf3 Nb6 16. Rc2 Rfc8 17. Rac1 Rxc2 18. Rxc2 a5 19. Qd1 a4 20. bxa4 Rxa4 21.
Qa1 Nfd7 22. Nb1 f6 23. Nc3 Ra8 24. Nb5 Na4 25. Qb1 Ndb6 26. Ba1 Ra5 27. Bc3
Nxc3 28. Rxc3 Bb4 29. Rc7 Qf8 30. Rxb7 Rxb5 31. a4 Ra5 32. Rxb6 Rxa4 33. Qb3
Ra1+ 34. Kh2 Be7 35. Rb8 1-0

[Event "Titled Tue 1st Jul Early"]
[Site "chess.com INT"]
[Date "2025.07.01"]
[Round "6"]
[White "Borgaonkar, Akshay"]
[Black "Xiong, Jeffery"]
[Result "1-0"]
[WhiteTitle "FM"]
[BlackTitle "GM"]
[WhiteElo "2452"]
[BlackElo "2646"]
[WhiteFideId "25639110"]
[BlackFideId "2047640"]
[EventDate "2025.07.01"]

1. e4 c6 2. d4 d5 3. e5 c5 4. Nf3 cxd4 5. Qxd4 Nc6 6. Qf4 h6 7. Nc3 g5 8. Qg3 g4
9. Nd2 h5 10. Nb3 h4 11. Qd3 Rh5 12. Bf4 Bh6 13. Bxh6 Nxh6 14. O-O-O Bf5 15.
Qxd5 Qxd5 16. Nxd5 Rc8 17. Bb5 Be4 18. Rhe1 Rxe5 19. Nc3 Rxb5 20. Nxb5 f5 21. f3
gxf3 22. gxf3 Bxf3 23. Nd6+ Kd7 24. Nc5+ Kc7 25. Nxc8 Bxd1 26. Nxe7 Bf3 27. Nxc6
Bxc6 28. Re7+ Kb6 29. Rh7 Ng4 30. Nd3 Nxh2 31. Rxh4 Nf3 32. Rf4 Be4 33. Nf2 Nd4
34. Kd2 Ne6 35. Rh4 Bc6 36. Nd3 Be4 37. Rh6 1-0

[Event "Titled Tue 1st Jul Early"]
[Site "chess.com INT"]
[Date "2025.07.01"]
[Round "6"]
[White "Souleidis, Georgios"]
[Black "Dovgaliuk, Oleksandr"]
[Result "0-1"]
[WhiteTitle "IM"]
[WhiteElo "2418"]
[BlackElo "2174"]
[WhiteFideId "4206827"]
[BlackFideId "14167247"]
[EventDate "2025.07.01"]

1. e4 c5 2. Be2 d5 3. exd5 Qxd5 4. Nf3 Nc6 5. Nc3 Qd8 6. d4 cxd4 7. Nb5 e5 8.
Nxe5 Nxe5 9. Bf4 f6 10. O-O a6 11. Nxd4 Bc5 12. c3 Ne7 13. Qa4+ Bd7 14. Qb3 Qb6
15. Rfd1 Bxd4 16. Rxd4 Qxb3 17. axb3 N7c6 18. Rd2 O-O-O 19. Be3 Bg4 20. f3 Rxd2
21. Bxd2 Rd8 22. Be3 Bf5 23. Kf2 Bd3 24. Bb6 Rd7 25. f4 Bxe2 26. Kxe2 Ng6 27. g3
Nge7 28. g4 Nd5 29. Bc5 Nxf4+ 30. Kf3 Nd3 31. Bb6 Nce5+ 32. Kg3 Nxb2 33. Re1
Rd3+ 34. Kg2 Rd2+ 35. Kg3 Nbd3 36. h3 Nxe1 0-1

[Event "Titled Tue 1st Jul Early"]
[Site "chess.com INT"]
[Date "2025.07.01"]
[Round "6"]
[White "Alikulov, Elbek"]
[Black "Dinesh, Rajan M"]
[Result "0-1"]
[WhiteTitle "IM"]
[BlackTitle "CM"]
[WhiteElo "2305"]
[BlackElo "2131"]
[WhiteFideId "14203308"]
[BlackFideId "35060600"]
[EventDate "2025.07.01"]

1. e4 g6 2. d4 Bg7 3. Nc3 d6 4. Be3 a6 5. f3 b5 6. Qd2 Bb7 7. h4 h5 8. Nh3 e6 9.
Ng5 Nd7 10. O-O-O Qe7 11. Be2 Nh6 12. d5 e5 13. g4 Nc5 14. gxh5 gxh5 15. Rhg1 b4
16. Nb1 a5 17. Bb5+ Kd8 18. Bxc5 dxc5 19. d6 cxd6 20. Qxd6+ Qxd6 21. Rxd6+ Kc7
22. Rd7+ Kb6 23. Bc4 Bc6 24. Rd6 Bf8 25. Rf6 Be7 26. Rf5 Nxf5 27. exf5 f6 28.
Ne4 Rad8 29. Nbd2 Bd5 30. Rg7 Bf8 31. Rg6 Bh6 32. Rxf6+ Kc7 33. Ng5 Bxc4 34.
Nxc4 Rdf8 35. Ra6 Rxf5 36. Ne3 Bxg5 37. hxg5 Rxg5 38. Rxa5 h4 39. Rxc5+ Kb6 40.
Rc4 h3 41. Ng4 Rxg4 42. Rxg4 h2 0-1

[Event "Titled Tue 1st Jul Early"]
[Site "chess.com INT"]
[Date "2025.07.01"]
[Round "6"]
[White "Torres Rebolledo, Alvaro"]
[Black "Khazhatuly, Alikhan"]
[Result "1-0"]
[WhiteTitle "FM"]
[BlackTitle "CM"]
[WhiteElo "2319"]
[BlackElo "2172"]
[WhiteFideId "54587670"]
[BlackFideId "13731335"]
[EventDate "2025.07.01"]

1. Nf3 Nf6 2. g3 d5 3. Bg2 e6 4. O-O Be7 5. d3 O-O 6. Nbd2 c5 7. e4 Nc6 8. Re1
b5 9. e5 Nd7 10. Nf1 Qc7 11. Bf4 Bb7 12. h4 d4 13. h5 h6 14. N1h2 Rfd8 15. Ng4
Bf8 16. Qd2 Ne7 17. Nf6+ Kh8 18. g4 Nd5 19. Nxd5 Bxd5 20. g5 hxg5 21. Nxg5 Nb6
22. Qe2 Bxg2 23. Kxg2 Nd5 24. Bd2 Re8 25. Qe4 f5 26. exf6 Nxf6 27. Qg6 e5 28. h6
Qb7+ 29. f3 c4 30. Rh1 Kg8 31. h7+ Kh8 32. Nf7+ Qxf7 33. Qxf7 cxd3 34. cxd3 Rac8
35. Rac1 a6 36. Rxc8 Rxc8 37. Rc1 Rxc1 38. Qxf8+ Kxh7 39. Bxc1 Nd5 40. Qf5+ 1-0

[Event "Titled Tue 1st Jul Early"]
[Site "chess.com INT"]
[Date "2025.07.01"]
[Round "6"]
[White "Gutman, Gennadi"]
[Black "Mende, Andreas"]
[Result "0-1"]
[WhiteTitle "GM"]
[BlackTitle "CM"]
[WhiteElo "2445"]
[BlackElo "2113"]
[WhiteFideId "14102277"]
[BlackFideId "4631102"]
[EventDate "2025.07.01"]

1. e4 c5 2. Nf3 Nc6 3. c3 Nf6 4. e5 Nd5 5. d4 cxd4 6. Bc4 Nb6 7. Bb3 d5 8. cxd4
Bg4 9. Be3 e6 10. O-O Be7 11. a3 O-O 12. Bc2 Nc4 13. b3 Nxe3 14. fxe3 f6 15.
exf6 Bxf6 16. h3 Bxf3 17. Rxf3 g6 18. Nc3 e5 19. Ne2 exd4 20. exd4 Qb6 21. Rd3
Rae8 22. Rb1 Re4 23. Rd2 Re3 24. b4 Rfe8 25. b5 Na5 26. Nf4 Qd6 27. Rd3 Nc4 28.
Rxe3 Nxe3 29. Qf3 Bxd4 30. Kh1 Nxc2 31. Nxd5 Ne3 32. Nxe3 Bxe3 33. Qxb7 Qg3 34.
Rf1 Bf4 35. Qd5+ Kg7 36. Qd7+ Kh6 37. Rxf4 Re1+ 38. Rf1 Rxf1# 0-1

[Event "Titled Tue 1st Jul Early"]
[Site "chess.com INT"]
[Date "2025.07.01"]
[Round "6"]
[White "Veiga, Jose Francisco R P Neves"]
[Black "Tiitta, Sauli"]
[Result "0-1"]
[WhiteTitle "IM"]
[WhiteElo "2390"]
[BlackElo "2157"]
[WhiteFideId "1930087"]
[BlackFideId "502251"]
[EventDate "2025.07.01"]

1. e4 g5 2. d4 h6 3. Nc3 d6 4. h4 g4 5. Be2 h5 6. Bf4 Bg7 7. Qd2 Nc6 8. O-O-O
Nxd4 9. Bc4 Be6 10. Bxe6 Nxe6 11. Be3 c6 12. Nge2 Qa5 13. Kb1 O-O-O 14. f3 gxf3
15. gxf3 Bh6 16. Bxh6 Nxh6 17. Qe3 f6 18. Rhg1 Rdg8 19. Rxg8+ Nxg8 20. f4 Nh6
21. f5 Ng4 22. Qf3 Nc5 23. Nf4 Nd7 24. Qe2 Nde5 25. a3 Qa6 26. Qxa6 bxa6 27. Rd4
Nh2 28. Ra4 Kb7 29. Na2 c5 30. Nd5 Rh7 31. b4 Nhf3 32. Nac3 Nxh4 33. b5 a5 34.
Rxa5 Nhf3 35. Ra6 h4 36. Rc6 h3 37. Rc7+ Kb8 38. Na4 h2 39. b6 h1=Q+ 40. Kb2
axb6 41. Naxb6 Rh8 42. Rxe7 Nd4 43. Nc7 Nd3+ 44. Kc3 Qe1+ 0-1

[Event "Titled Tue 1st Jul Early"]
[Site "chess.com INT"]
[Date "2025.07.01"]
[Round "6"]
[White "Xie, Bryan"]
[Black "Plichta, Kamil"]
[Result "0-1"]
[WhiteTitle "FM"]
[BlackTitle "FM"]
[WhiteElo "2358"]
[BlackElo "2361"]
[WhiteFideId "30941296"]
[BlackFideId "1141830"]
[EventDate "2025.07.01"]

1. e4 g6 2. d4 Bg7 3. Nc3 c5 4. Be3 Qa5 5. Ne2 Nf6 6. f3 Nc6 7. Qd2 d6 8. dxc5
dxc5 9. Nd5 Qxd2+ 10. Kxd2 Nxd5 11. exd5 Ne5 12. Nc3 b6 13. Bb5+ Bd7 14. Bxd7+
Kxd7 15. b3 Rhd8 16. Rad1 Kc8 17. Bg5 Rd7 18. Rhe1 Kb7 19. Bf4 Nc6 20. d6 Rad8
21. Bg3 e5 22. Kc1 f5 23. Bh4 Bh6+ 24. Kb2 g5 25. Bf2 Bg7 26. Kb1 a6 27. Be3 h6
28. Bf2 e4 29. Ne2 exf3 30. gxf3 Rxd6 31. Rxd6 Rxd6 32. Ng3 Rd2 33. Nxf5 Rxf2
34. Nxg7 Rxh2 35. Re6 Nd4 36. Re7+ Kc6 37. Rf7 Nxc2 38. Rf6+ Kb5 39. Ne8 Kb4 40.
Rxb6+ Kc3 41. a4 Rh1+ 42. Ka2 Ra1# 0-1

[Event "Titled Tue 1st Jul Early"]
[Site "chess.com INT"]
[Date "2025.07.01"]
[Round "6"]
[White "Nikulina, Alena"]
[Black "Allahverdiyeva, Ayan"]
[Result "0-1"]
[WhiteTitle "WFM"]
[BlackTitle "WIM"]
[WhiteElo "1875"]
[BlackElo "2234"]
[WhiteFideId "4172051"]
[BlackFideId "13412590"]
[EventDate "2025.07.01"]

1. e4 e5 2. Nf3 Nc6 3. Bb5 a6 4. Ba4 d6 5. O-O Bd7 6. c3 Nf6 7. Re1 g6 8. d4 Bg7
9. d5 Ne7 10. Bc2 O-O 11. c4 Nh5 12. Nc3 Qe8 13. b4 a5 14. Rb1 axb4 15. Rxb4 b6
16. Nb5 Rc8 17. Be3 f5 18. exf5 gxf5 19. Ng5 Qg6 20. Kh1 Kh8 21. g4 Nf6 22. gxf5
Nxf5 23. Rg1 Qe8 24. Qf3 e4 25. Nxe4 Nxe4 26. Bxe4 Nxe3 27. Qxe3 Qh5 28. Rg3 Be5
29. Rg2 Rg8 30. Rb1 Rxg2 31. Bxg2 Qxh2# 0-1

[Event "Titled Tue 1st Jul Early"]
[Site "chess.com INT"]
[Date "2025.07.01"]
[Round "6"]
[White "Christiansen, Johan-Sebastian"]
[Black "Perossa, Nicolas"]
[Result "1-0"]
[WhiteTitle "GM"]
[BlackTitle "FM"]
[WhiteElo "2642"]
[BlackElo "2253"]
[WhiteFideId "1512668"]
[BlackFideId "2850520"]
[EventDate "2025.07.01"]

1. e4 e5 2. Nf3 Nc6 3. Nc3 Nf6 4. a3 d5 5. Bb5 Nxe4 6. Nxe5 Qf6 7. Nf3 Nxc3 8.
dxc3 Be6 9. O-O h6 10. Nd4 Bd7 11. Re1+ Be7 12. Qh5 Rd8 13. Be3 Nxd4 14. Bxd4
Qg5 15. Qxg5 hxg5 16. Bxg7 Rh7 17. Bf6 Bxb5 18. Rxe7+ Kf8 19. Rxc7 Rb8 20. Re1
Bc6 21. Bxg5 Kg8 22. Bf4 Ra8 23. Ree7 Rg7 24. Be5 Rh7 25. h3 a6 26. Bd4 Rd8 27.
Re3 1-0

[Event "Titled Tue 1st Jul Early"]
[Site "chess.com INT"]
[Date "2025.07.01"]
[Round "6"]
[White "Shariyazdanov, Andrey"]
[Black "Molina, Roberto Junio Brito"]
[Result "0-1"]
[WhiteTitle "GM"]
[BlackTitle "IM"]
[WhiteElo "2505"]
[BlackElo "2377"]
[WhiteFideId "4122747"]
[BlackFideId "2109450"]
[EventDate "2025.07.01"]

1. d4 d5 2. c4 c6 3. Nf3 Nf6 4. e3 Bf5 5. Nc3 a6 6. a4 h6 7. cxd5 cxd5 8. Qb3
Ra7 9. Be2 e6 10. O-O Bd6 11. Bd2 O-O 12. a5 Nc6 13. Na4 Nxa5 14. Bxa5 Qxa5 15.
Nb6 Qb4 16. Qxb4 Bxb4 17. Rfc1 Rd8 18. Ne5 Ne8 19. g4 Be4 20. Bd3 Bxd3 21. Nxd3
Bd6 22. Nc5 Bc7 23. Nca4 a5 24. Rc3 Ra6 25. Rb3 Kf8 26. Rc1 Ke7 27. Rb5 g5 28.
Kf1 Kf6 29. Ke2 Kg7 30. Kd3 Kg6 31. h3 Nd6 32. Rxc7 Nxb5 33. Rxb7 Nd6 34. Rc7
Rb8 35. Nd7 Rb7 0-1

[Event "Titled Tue 1st Jul Early"]
[Site "chess.com INT"]
[Date "2025.07.01"]
[Round "6"]
[White "Pasti, Aron"]
[Black "Loftgaard, Mikkel Vinh"]
[Result "0-1"]
[WhiteTitle "IM"]
[BlackTitle "FM"]
[WhiteElo "2376"]
[BlackElo "2281"]
[WhiteFideId "785857"]
[BlackFideId "1468480"]
[EventDate "2025.07.01"]

1. e4 c5 2. Nf3 e6 3. d4 cxd4 4. Nxd4 Nf6 5. Nc3 Nc6 6. a3 d5 7. Bb5 Bd7 8. exd5
exd5 9. O-O Be7 10. Re1 O-O 11. Bf4 a6 12. Bf1 Re8 13. Qd2 Qb6 14. Be3 Qc7 15.
Bf4 Qb6 16. Be3 Qc7 17. Bg5 Nxd4 18. Qxd4 Be6 19. Bd3 h6 20. Be3 Bd6 21. g3 Rad8
22. Bxh6 Bc5 23. Qf4 Qb6 24. Qg5 Bf8 25. Qh4 gxh6 26. Qxf6 Bg7 27. Qh4 Qxb2 28.
Ne2 Qf6 29. Qxf6 Bxf6 30. Rab1 b5 31. Nf4 Bc3 32. a4 Bxe1 0-1

[Event "Titled Tue 1st Jul Early"]
[Site "chess.com INT"]
[Date "2025.07.01"]
[Round "6"]
[White "Nikookar, Mahdi"]
[Black "Faryma, Matviy"]
[Result "0-1"]
[WhiteTitle "FM"]
[WhiteElo "2216"]
[BlackElo "2230"]
[WhiteFideId "22552987"]
[BlackFideId "1961578"]
[EventDate "2025.07.01"]

1. Nf3 b6 2. b3 Bb7 3. Bb2 c5 4. c4 Nf6 5. d3 g6 6. Nbd2 Bg7 7. g3 O-O 8. Bg2 d5
9. cxd5 Bxd5 10. O-O Nbd7 11. e4 Bb7 12. Qe2 Qe8 13. d4 cxd4 14. Nxd4 Nc5 15. b4
Ba6 16. b5 Bb7 17. Nc6 Bxc6 18. bxc6 Qxc6 19. Bxf6 Qxf6 20. f4 Qd4+ 21. Kh1 Rad8
22. Nb3 Qd3 23. Qxd3 Nxd3 24. e5 f6 25. Be4 fxe5 26. f5 gxf5 27. Bxf5 Rf6 28.
Kg2 Nf4+ 29. gxf4 Rxf5 30. fxe5 Rxe5 31. Rad1 Rxd1 32. Rxd1 Re2+ 33. Kf3 Rxa2
34. Rd8+ Kf7 35. Nd2 h6 36. Ne4 a5 37. h4 a4 38. Rb8 Rb2 39. Ra8 b5 40. h5 Rb3+
41. Kf4 a3 42. Nc5 Rb4+ 0-1

[Event "Titled Tue 1st Jul Early"]
[Site "chess.com INT"]
[Date "2025.07.01"]
[Round "6"]
[White "Ruiz Aguilar, Pablo Alexander"]
[Black "Legenia, Artem"]
[Result "1-0"]
[WhiteTitle "FM"]
[WhiteElo "2141"]
[BlackElo "2092"]
[WhiteFideId "4401352"]
[BlackFideId "14136945"]
[EventDate "2025.07.01"]

1. e4 c5 2. Nf3 a6 3. c4 Nc6 4. d4 cxd4 5. Nxd4 e5 6. Nf3 Nf6 7. Bd3 Bc5 8. O-O
d6 9. h3 h6 10. Nc3 O-O 11. Qe2 Be6 12. Be3 Bb4 13. Nd5 Bc5 14. Bxc5 dxc5 15.
Rfd1 Nd4 16. Nxd4 cxd4 17. b4 a5 18. a3 Bxd5 19. exd5 Re8 20. Be4 axb4 21. axb4
Qb6 22. Rab1 Ra4 23. c5 Qc7 24. d6 Qd7 25. b5 Rc8 26. Rdc1 Ra5 27. Bd3 Re8 28.
Qd2 Ra3 29. Bc4 Rc8 30. Qb4 Raa8 31. b6 Ne4 32. Bd5 Nc3 33. Rxc3 dxc3 34. Qxc3
Ra4 35. Qxe5 Ra5 36. c6 bxc6 37. Bxf7+ Kxf7 38. Qxa5 Qxd6 39. Qf5+ Kg8 40. Qxc8+ 1-0

[Event "Titled Tue 1st Jul Early"]
[Site "chess.com INT"]
[Date "2025.07.01"]
[Round "6"]
[White "Gabrielian, Artur"]
[Black "Terry, Renato"]
[Result "0-1"]
[WhiteTitle "GM"]
[BlackTitle "IM"]
[WhiteElo "2407"]
[BlackElo "2508"]
[WhiteFideId "4131002"]
[BlackFideId "3803457"]
[EventDate "2025.07.01"]

1. Nf3 Nf6 2. g3 d5 3. Bg2 c6 4. O-O Bg4 5. d4 Nbd7 6. h3 Bh5 7. c4 dxc4 8. Na3
Nb6 9. Ne5 e6 10. Naxc4 Be7 11. b3 O-O 12. Bb2 Nfd7 13. Nxd7 Qxd7 14. Ne5 Qc7
15. g4 Bg6 16. Nxg6 hxg6 17. Rc1 Rad8 18. Qc2 Nd5 19. e3 Bd6 20. Qe2 g5 21. a3
a5 22. h4 gxh4 23. f4 Qe7 24. a4 g5 25. f5 Bb8 26. f6 Nxf6 27. e4 Bf4 28. Rxf4
gxf4 29. Rf1 Nh7 30. Rxf4 Qg5 31. Qf3 Rd7 32. e5 Rfd8 33. Bf1 Qh6 34. Bc1 Qg7
35. Be3 c5 36. dxc5 Ng5 37. Qf2 Qxe5 38. Be2 Nh3+ 0-1

[Event "Titled Tue 1st Jul Early"]
[Site "chess.com INT"]
[Date "2025.07.01"]
[Round "6"]
[White "Montano Vicente, Guadalupe"]
[Black "Arenas, David"]
[Result "1-0"]
[BlackTitle "GM"]
[WhiteElo "1940"]
[BlackElo "2335"]
[WhiteFideId "5181399"]
[BlackFideId "4403177"]
[EventDate "2025.07.01"]

1. e4 c5 2. Nf3 d6 3. d4 cxd4 4. Nxd4 Nf6 5. Nc3 a6 6. h3 e6 7. g4 h6 8. Be3 Be7
9. Bg2 Nfd7 10. Qd2 Nc6 11. O-O-O Nce5 12. Qe2 Qc7 13. f4 Nc4 14. Bf2 b5 15. h4
Bb7 16. g5 Rc8 17. Rd3 b4 18. Nd1 Nc5 19. Rdh3 Na4 20. gxh6 Rxh6 21. Rg3 Bf6 22.
h5 Ncxb2 23. Nxb2 Nc3 24. Qd3 Nxa2+ 25. Kb1 Nc3+ 26. Kc1 Qa5 27. Nb3 Qa2 28. Nc4 1-0

[Event "Titled Tue 1st Jul Early"]
[Site "chess.com INT"]
[Date "2025.07.01"]
[Round "6"]
[White "Kim, Sergey"]
[Black "Storn, Justin"]
[Result "1-0"]
[WhiteTitle "FM"]
[WhiteElo "2295"]
[BlackElo "2118"]
[WhiteFideId "13700570"]
[BlackFideId "30922720"]
[EventDate "2025.07.01"]

1. d4 g6 2. c4 Bg7 3. Nc3 d6 4. e4 Nc6 5. Nge2 e5 6. Be3 f5 7. exf5 gxf5 8. d5
Nce7 9. f4 Nf6 10. fxe5 dxe5 11. Bg5 O-O 12. Qd2 f4 13. O-O-O Nf5 14. g3 Ne3 15.
gxf4 exf4 16. Nxf4 Nxd1 17. Qxd1 Qd6 18. Rg1 Kh8 19. Bd3 Bg4 20. Rxg4 Nxg4 21.
Qxg4 Be5 22. Ne6 Rg8 23. Qh5 Qd7 24. Be3 Bf6 25. Ne4 Qe8 26. Nxf6 Qxh5 27. Nxh5
Rg2 28. Bf4 c6 29. d6 Rf2 30. d7 Kg8 31. d8=Q+ Rxd8 32. Nxd8 1-0

[Event "Titled Tue 1st Jul Early"]
[Site "chess.com INT"]
[Date "2025.07.01"]
[Round "6"]
[White "Zaksaite, Salomeja"]
[Black "Novikova, Anna"]
[Result "1-0"]
[WhiteTitle "WGM"]
[BlackTitle "WIM"]
[WhiteElo "2133"]
[BlackElo "2179"]
[WhiteFideId "12801496"]
[BlackFideId "4146794"]
[EventDate "2025.07.01"]

1. e4 e5 2. Nf3 Nc6 3. Bc4 Nf6 4. d3 Bc5 5. O-O d6 6. Nc3 Bg4 7. h3 Bh5 8. Bg5
Nd4 9. Nd5 Nxf3+ 10. gxf3 h6 11. Be3 Nxd5 12. Bxd5 Qf6 13. Kg2 g5 14. Bxb7 Rb8
15. Bc6+ Ke7 16. c3 Rhg8 17. d4 g4 18. fxg4 Qg6 19. dxc5 Qe6 20. cxd6+ cxd6 21.
Bd5 Bxg4 22. Bxe6 Bxd1+ 23. Kh2 Bf3 24. Bg4 Bxe4 25. f3 Rxb2+ 26. Kh1 h5 27.
fxe4 hxg4 28. Rf2 Rb7 29. Rg1 g3 30. Rf3 1-0